00691nam a2200205 a 450000100060000000300080000600500170001400800380003103500190006904000280008804100080011608200230012410000510014724501010019826000380029930000250033761000320036265000210039470000700041531901BD-RjUL20211209051750.0140422m1953 mou 000 0 eng  a(BD-RjUL)31989 aDLCcCarPdBD-RjULbeng aeng a270bPAH V-40 19531 aPastor, Ludwig,d1854-1928. [from old catalog]04aThe history of the popes, from the close of the middle ages /nVOLUME XLpPIUS VI. (1775 -17990) aSt. Louis, Mo.,bB. Herder,c1953 axv ,410 p. :c23 cm. aCatholic Church -- History. 0aPapacyxHistory.1 aAntrobus, Frederick Ignatius,d1837-1903, [from old catalog]eed.